01616 2200205 4500001002100000005001500021035002000036008004100056245006000097100001400157250000600171260003800177300001200215084001400227082000800241650001000249520112700259990001201386990001201398INLIS00000000000093520240531103144 a0010-0524000170240531 1 ind 1 aUpdate Love; Kini Aku Berhasil Mencintaimu /cSayfullan aSayfullan a1 aYogyakarta :bSheila/ Andi,c2015 a250 hlm a813 SAY u a813 4aFiksi aDayu Reswara, gadis yang dulunya sangat lugu, tidak begitu memperhatikan penampilan dan ramah kepadasiapa saya, bermetamoforsis menjadi gadis angkuh dan haus kekuasaan. Jabatan dan gaya hidup di Jakarta serta pola pikirnya telah berubah 180 drajat. Masalah percintaannnya membuat kepalanya seakan mau pecah, belum lagi ditambah kesibukannya sebagai wakil Pemred dan novelis ternama. Jika sudah merasa jenuh, kebiasaan dari dulu yaitu selalu menghubungi sahabtnya Grey. Dia yakin tempat sampah paling tepat untuk menampung curhatannya hanyalah bawahannya itu. Dilemanya, getaran cinta masa lalu di hati Dayu ternyata masih terasa. Dikantor dia bekerja, dia seperti orang gila. Perasaannya terus berkata tentang Dino, namun dia mencoba untnk bersikap normal, wajar, dan tetap pasang wajah angkuhnya. Dia tersiksa, selain karena Rama telah mengatakan permohonan maaf dan ingin memperbaiki hubungan mereka, getaran cinta tak bisa dia pungkiri jika dekat dengan dino. Ketika takdir muali memainkan peranya, apakah Dayu akan segera menemukan cinta yang sesungguhnya? Ya bukankah, kebahagiaan itu perlu diusahakan?- Dayu Deswara a0741624 a0741625